Analysis patterns : reusable object models

Αποθηκεύτηκε σε:
Λεπτομέρειες βιβλιογραφικής εγγραφής
Κύριος συγγραφέας: Fowler, Martin, 1963-
Μορφή: Βιβλίο
Γλώσσα:English
Δημοσίευση: Menlo Park, Calif. : Addison-Wesley, c1997
Σειρά:Addison-Wesley object technology series
Θέματα:
Ετικέτες: Προσθήκη ετικέτας
Δεν υπάρχουν, Καταχωρήστε ετικέτα πρώτοι!

MARC

LEADER 00000nam a2200000 i 4500
001 1/95298
008 991209s1997 eng d
020 |a 0201895420 
035 |l 10055250 
040 |a GR-MY-UA  |b gre  |e aacr 
041 0 |a eng 
082 0 |a 005.12 
100 1 |a Fowler, Martin,   |d 1963- 
245 1 0 |a Analysis patterns :  |b reusable object models /  |c Martin Fowler 
260 |a Menlo Park, Calif. :   |b Addison-Wesley,   |c c1997 
300 |a xxi, 357 p.;  |b ill.;  |c 24 cm. 
490 1 |a Addison-Wesley object technology series 
504 |a Includes index 
650 0 0 |a Object-oriented methods (Computer science) 
650 0 0 |a System analysis. 
830 0 |a Addison-Wesley object technology series 
852 |a INST  |b SAMOS  |e 19991209  |h 005.12 FOW  |p 005300016475  |q 005300016475  |t BK  |y 0 
901 |a BIBL3-1999-3 
909 |a Σ  |b 070881 
922 |a 3ΕΛΗ  |b 199911  |c ΤΠΕΣ  |d ΠΑΠΑΣΩΤΗΡΙΟΥ 
970 |a ΓΕΝΟΥΖΟΥ  |b ΧΡΥΣΑΝΘΗ  |z 1999/12/09